000 00493nam a2200205Ia 4500
005 20250425162600.0
008 250425s9999 xx 000 0 und d
020 _a9780194789158
041 _aeng
082 _a428.6
100 _aBASSETT, JENNIFER
245 0 _aTHE PHANTOM OF THE OPERA
250 _a1ST ED.
260 _aOXFORD
260 _aReino Unido
_bOXFORD UNIVERSITY PRESS
_c2008
300 _a56
650 _aINGLES-LIBROS DE LECTURA
942 _c01
010 _a87031
999 _c232181
_d232181